Loading...
| Science - Physics | 0 | 10 | 0 | 2 | 100 | 36 | 73.70 | 4 | 7 | 0.00 | 0.00 |
| Philosophy | 0 | 8 | 0 | 0 | 80 | 63 | 90.13 | 3 | 8 | 0.00 | 0.00 |
| Fine Arts - Visual | 0 | 6 | 0 | 0 | 60 | 92 | 104.50 | 0 | 3 | 0.00 | 0.00 |
| Fine Arts - Classical Music | 0 | 7 | 2 | 0 | 60 | 49 | 67.71 | 3 | 7 | 0.00 | 0.00 |
| Social Science | 0 | 6 | 1 | 1 | 55 | 42 | 82.17 | 4 | 5 | 0.00 | 0.00 |
| Fine Arts - Other | 0 | 6 | 1 | 2 | 55 | 69 | 98.50 | 2 | 5 | 0.00 | 0.00 |
| Science - Other | 0 | 6 | 2 | 1 | 50 | 45 | 81.83 | 1 | 4 | 0.00 | 0.00 |
| History - World | 0 | 5 | 1 | 0 | 45 | 60 | 67.40 | 1 | 4 | 0.00 | 0.00 |
| Science - Biology | 0 | 5 | 1 | 0 | 45 | 57 | 77.20 | 0 | 3 | 0.00 | 0.00 |
| History - Other | 0 | 5 | 1 | 0 | 45 | 30 | 54.20 | 3 | 4 | 0.00 | 0.00 |
| Religion | 0 | 5 | 2 | 1 | 40 | 85 | 98.20 | 2 | 3 | 0.00 | 0.00 |
| Science - Chemistry | 0 | 3 | 0 | 0 | 30 | 59 | 80.67 | 1 | 2 | 0.00 | 0.00 |
| Literature - American | 0 | 2 | 0 | 0 | 20 | 102 | 104.00 | 0 | 0 | 0.00 | 0.00 |
| Mythology | 0 | 3 | 2 | 1 | 20 | 95 | 116.00 | 0 | 1 | 0.00 | 0.00 |
| Literature - British | 0 | 2 | 0 | 0 | 20 | 82 | 92.50 | 1 | 2 | 0.00 | 0.00 |
| History - European | 0 | 2 | 1 | 1 | 15 | 92 | 103.50 | 0 | 1 | 0.00 | 0.00 |
| History - American | 0 | 3 | 3 | 0 | 15 | 22 | 55.33 | 2 | 3 | 0.00 | 0.00 |
| Literature - European | 0 | 1 | 0 | 0 | 10 | 126 | 126.00 | 0 | 1 | 0.00 | 0.00 |
| Literature - World/Other | 0 | 1 | 0 | 0 | 10 | 115 | 115.00 | 0 | 0 | 0.00 | 0.00 |
| Geography/Current Events | 0 | 1 | 1 | 1 | 5 | 110 | 110.00 | 0 | 1 | 0.00 | 0.00 |